Clever ant and the clever dove (The0. (Record no. 102922)
[ view plain ]
| 000 -LEADER | |
|---|---|
| fixed length control field | 00558nam a2200193 a 4500 |
| 005 - DATE AND TIME OF LATEST TRANSACTION | |
| control field | 20140412111246.0 |
| 008 - FIXED-LENGTH DATA ELEMENTS--GENERAL INFORMATION | |
| fixed length control field | 001111s19uu xx 00 eng d |
| 050 ## - LIBRARY OF CONGRESS CALL NUMBER | |
| Classification number | TR(GS 428.4 |
| Item number | Jo698Cl 2007 |
| 100 ## - MAIN ENTRY--PERSONAL NAME | |
| Personal name | Jones, Faye |
| 245 ## - TITLE STATEMENT | |
| Title | Clever ant and the clever dove (The0. |
| 260 ## - PUBLICATION, DISTRIBUTION, ETC. (IMPRINT) | |
| Place of publication, distribution, etc | Kuala Lumpur : |
| Name of publisher, distributor, etc | Scholar's Publication, |
| Date of publication, distribution, etc | 2007. |
| 300 ## - PHYSICAL DESCRIPTION | |
| Extent | 15p |
| 440 ## - SERIES STATEMENT/ADDED ENTRY--TITLE | |
| Title | Learn to read series |
| 520 ## - SUMMARY, ETC. | |
| Summary, etc | Value: One good deed deserves another. |
| 526 ## - STUDY PROGRAM INFORMATION NOTE | |
| Reading level | PS |
| 650 ## - SUBJECT ADDED ENTRY--TOPICAL TERM | |
| Topical term or geographic name as entry element | Reading -- |
| General subdivision | fables. |
| 650 ## - SUBJECT ADDED ENTRY--TOPICAL TERM | |
| Topical term or geographic name as entry element | Reading- |
| General subdivision | fables- |
| -- | fiction. |
| Withdrawn status | Lost status | Damaged status | Home library | Current library | Shelving location | Date acquired | Source of acquisition | Total Checkouts | Full call number | Barcode | Date last seen | Price effective from | Koha item type |
|---|---|---|---|---|---|---|---|---|---|---|---|---|---|
| Elizalde Library | Elizalde Library | Teachers Reference Section | 11/11/2000 | TR(GS 428.4 Jo698Cl 2007 | E3258 | 04/12/2014 | 04/12/2014 | Books |